| 000 | 01328cam a22003497a 4500 | ||
|---|---|---|---|
| 003 | CHAP | ||
| 005 | 20220329143029.0 | ||
| 008 | 050919d1992 mx r 00110 spa d | ||
| 010 | _a90925 | ||
| 011 | _a91897 | ||
| 020 | _a9688422819 | ||
| 035 | _a102460 | ||
| 040 | _cCHAP | ||
| 082 | 0 | 4 |
_a338.10972 _bT7 |
| 100 | 0 | 0 |
_aTeresa, Ana Paula de. _9112353 |
| 245 | 1 | 0 |
_aCrisis agrícola y economía campesina : _bel caso de los productores de Henequén en Yucatán _c/por Ana Pula de Teresa |
| 260 |
_aMéxico : _bUAM. Unidad Iztapalapa, _c1992 |
||
| 300 |
_a305 p. : _bgráfs.; cuadros. |
||
| 590 |
_aBATCH-UPD _b10 _c20130110 _lUCH01 _h1102 |
||
| 590 |
_aBATCH-UPD _b10 _c20130410 _lUCH01 _h0655 |
||
| 590 |
_aBATCH-UPD _b10 _c20130914 _lUCH01 _h0054 |
||
| 590 |
_aCONVERSION _b10 _c20130109 _lUCH01 _h1350 |
||
| 650 | 1 | 4 |
_aAgricultura _xAspectos economicos _zMexico. _91312 |
| 650 | 1 | 4 |
_aAgricultura _xHistoria _xMéxico. _91521 |
| 650 | 1 | 4 |
_aHenequén _xYucatán. _953592 |
| 901 | _aBK | ||
| 905 | _aElisama A. H. | ||
| 942 | _cLIBRO | ||
| 949 |
_a338.10972 T7 _bBC _cLIBRO _d33724000971743 _eLIBRO _gI.c/e _h106708 _i102460 _sb _t$70.00 |
||
| 949 |
_a338.10972 T7 _bBC _cLIBRO _d33724000971800 _eLIBRO _fc.3 _gI.c/e _h106710 _i102460 _sb _t$70.00 |
||
| 949 |
_a338.10972 T7 _bBC _cLIBRO _d33724000971867 _eLIBRO _fc.2 _gI.c/e _h106709 _i102460 _sb _t$70.00 |
||
| 999 |
_c90925 _d90925 |
||